000 01053nam a2200325 i 4500
003 DO-SdBNP
005 20240701103557.0
007 ta
008 240701s2024 dr r 000 0 spa d
020 _a9789945409659
040 _aDO-SdBNP
_bspa
_cBNPHU
_erda
082 _a972.9323
_bF316p
_222
100 _aFéliz, Carlos Julio
_935398
_eautor
245 1 3 _aPedernales :
_bhistoria, evolución y desarrollo /
_cCarlos Julio Féliz
264 1 _a Santo Domingo :
_bImpresora Conadex ,
_c2024.
300 _a279 páginas :
_bilustraciones
_c25 cm.
336 _2rdacontent
_atexto
_btxt
337 _2rdamedia
_asin mediación
_bn
338 _2rdacarrier
_avolumen
_bnc
590 _aInventariado, 2024/ DG
650 4 _914357
_aCiudades y pueblos
_zRepública Dominicana
650 _985631
650 _985632
651 4 _aPedernales (República Dominicana)
_xHistoria Local
_938922
651 4 _aPedernales (República Dominicana}
_xVida Social Y Costumbres
_938923
700 _985642
710 _985633
910 _aDG
942 _2ddc
_cLBS1
999 _c57083
_d57083